000 00228 a2200097 4500
001 45649
100 _aWeiskopt D
245 _aa guide to recreation and leisure
260 _aBoston
_bAllyn and bacon
_c
090 _c28825
_d28825
942 _aNUST-CAE
_cM
_c20919
999 _c280722
_d280722